| 000 | 00873nam a2200229Ii 4500 | ||
|---|---|---|---|
| 003 | JO-AjNU | ||
| 008 | 230605s9999||||xx |||||||||||||| ||und|| | ||
| 017 | _a2015/19225 | ||
| 020 | _a978-977-04-7894-3 | ||
| 040 |
_aJO-AjNU _bara _erda _cJO-AjNU |
||
| 041 | _aara | ||
| 050 | 1 | 4 | _aK4366.2016 |
| 100 | 3 |
_a العادلي ، محمود صالح, _eauthor _953165 |
|
| 245 | 0 | 0 | _aالمسئولية الجنائية عن التقارير الطبية الكاذبة في ضوء آراء الفقة وأحكام القضاء |
| 250 | _aط1 | ||
| 264 | 3 | 1 | _aالقاهرة : دار النهضة العربية ، 2015 |
| 300 | _a125ص | ||
| 336 |
_atext _btxt _2rdacontent |
||
| 337 |
_aunmediated _bn _2rdamedia |
||
| 338 |
_avolume _bnc _2rdacarrier |
||
| 650 | 4 |
_aتقارير طبية كاذبة -- قوانين وتشريعات -- مسؤلية جنائية _953166 |
|
| 999 |
_aA23595 _c27163 _d27163 |
||